000
00322 a2200157 4500
001
164628
020
_a
040
_c
Magnum
100
_a
Jose, Elias
240
1
0
_a
Bicho que te quero livre
_l
por
245
1
0
_a
Bicho que te quero livre
362
0
_a
1899
440
1
_a
Moderna
697
_a
IJ/POESIA
942
_c
BK
999
_c
164628
_d
164628